| 000 | 00562nam a22001937a 4500 | ||
|---|---|---|---|
| 999 |
_c12831 _d12831 |
||
| 008 | 250918b 2017 ||||| |||| 00| 0 eng d | ||
| 020 | _a9789358546064 | ||
| 082 |
_a547 _bSIN |
||
| 100 | _aSingh, Jagdamba | ||
| 245 | _aAdvanced organic chemistry | ||
| 260 |
_aMeerut _bPragati Prakashan _c2017 |
||
| 300 | _axvi, 808, iv pgs. | ||
| 650 | _aStereochemistry | ||
| 650 | _aAliphatic Electrophilic Substitution | ||
| 650 | _aAromatic Electrophilic Substitution | ||
| 700 |
_aYadav, L. D. S. _eCo-Author |
||
| 700 |
_aSingh, Jaya _eCo-Author |
||
| 942 | _cBK | ||